Working paper. (Record no. 1606)

MARC details
000 -LEADER
fixed length control field 01311cas a2200409 a 4500
001 - CONTROL NUMBER
control field data
005 - DATE AND TIME OF LATEST TRANSACTION
control field 20260322212108.0
008 - FIXED-LENGTH DATA ELEMENTS--GENERAL INFORMATION
fixed length control field data
010 ## - LIBRARY OF CONGRESS CONTROL NUMBER
LC control number 95642685
016 ## - NATIONAL BIBLIOGRAPHIC AGENCY CONTROL NUMBER
Record control number (AMICUS)000012265828
022 ## - INTERNATIONAL STANDARD SERIAL NUMBER
International Standard Serial Number 0800-4234
023 0# - CLUSTER ISSN
Cluster ISSN 0800-4234
029 1# - OTHER SYSTEM CONTROL NUMBER (OCLC)
OCLC library identifier AU@
System control number 000009145271
029 1# - OTHER SYSTEM CONTROL NUMBER (OCLC)
OCLC library identifier NLC
System control number 000012265828
035 ## - SYSTEM CONTROL NUMBER
System control number (OCoLC)27907251
040 ## - CATALOGING SOURCE
Original cataloging agency NDD
Language of cataloging eng
Transcribing agency NDD
Modifying agency OCLCQ
-- OCLCQ
-- OCLCF
-- OCLCO
-- OCLCQ
-- NLC
-- OCLCQ
041 0# - LANGUAGE CODE
Language code of text/sound track or separate title nor
-- nor
042 ## - AUTHENTICATION CODE
Authentication code pcc
050 00 - LIBRARY OF CONGRESS CALL NUMBER
Classification number JC571
Item number .W884
130 0# - MAIN ENTRY--UNIFORM TITLE
Uniform title Working paper (Chr. Michelsens institutt. Programmet for menneskerettighetsstudier)
245 10 - TITLE STATEMENT
Title Working paper.
246 13 - VARYING FORM OF TITLE
Title proper/short title Arbeidsnotat
260 ## - PUBLICATION, DISTRIBUTION, ETC.
Place of publication, distribution, etc. Fantoft, Norway :
Name of publisher, distributor, etc. Chr. Michelsen Institute, Programme of Human Rights Studies,
Date of publication, distribution, etc. 1990-
300 ## - PHYSICAL DESCRIPTION
Extent volumes ;
Dimensions 30 cm
336 ## - CONTENT TYPE
Content type term text
Content type code txt
Source rdacontent
337 ## - MEDIA TYPE
Media type term unmediated
Media type code n
Source rdamedia
338 ## - CARRIER TYPE
Carrier type term volume
Carrier type code nc
Source rdacarrier
362 0# - DATES OF PUBLICATION AND/OR SEQUENTIAL DESIGNATION
Dates of publication and/or sequential designation M 1990:1-
546 ## - LANGUAGE NOTE
Language note English and Norwegian.
588 ## - SOURCE OF DESCRIPTION NOTE
Source of description note Latest issue consulted: M 1992:4.
650 #0 - SUBJECT ADDED ENTRY--TOPICAL TERM
Topical term or geographic name entry element Human rights.
650 #7 - SUBJECT ADDED ENTRY--TOPICAL TERM
Topical term or geographic name entry element Human rights.
Source of heading or term fast
Authority record control number or standard number (OCoLC)fst00963285
710 2# - ADDED ENTRY--CORPORATE NAME
Corporate name or jurisdiction name as entry element Chr. Michelsens institutt.
Subordinate unit Programmet for menneskerettighetsstudier.
906 ## - LOCAL DATA ELEMENT F, LDF (RLIN)
a 7
b cbc
c serials
d u
e ncip
f 19
g n-oclcserc
991 ## -
-- c-GenColl
-- JC571
-- .W884
-- SERIALS
Holdings
Withdrawn status Lost status Damaged status Not for loan Home library Current library Shelving location Date acquired Total checkouts Full call number Barcode Date last seen Price effective from Koha item type
        Liberty Liberty General stacks 22/03/2026   JC571 LOC-LPL-00069 22/03/2026 22/03/2026 Books